International electrical association

Guardat en:
Dades bibliogràfiques
Format: Llibre
Idioma:Undetermined
Publicat: Washington U. S. Government Printing Office 1980
Matèries:
Etiquetes: Afegir etiqueta
Sense etiquetes, Sigues el primer a etiquetar aquest registre!
Thư viện lưu trữ: Trung tâm Học liệu Trường Đại học Cần Thơ
LEADER 00436nam a2200157Ia 4500
001 CTU_86194
008 210402s9999 xx 000 0 und d
082 |a 621.3 
082 |b I.61 
245 0 |a International electrical association 
260 |a Washington 
260 |b U. S. Government Printing Office 
260 |c 1980 
650 |a Electric engineering 
904 |i Năm 
980 |a Trung tâm Học liệu Trường Đại học Cần Thơ